Open Data Biblioteca Nacional de Portugal


República Portuguesa: Ministério da Cultura
Biblioteca Nacional de Portugal

Catálogo da BNP: acesso por Identificadores Unívocos
Registos Bibliográficos associados ao registo de autoridade

Etiqueta de registo: 00230nam 2200025 450
001 1929627
003 http://id.bnportugal.gov.pt/bib/catbnp/1929627
010 ## $a978-989-98746-2-6
021 ## $aPT$b401714/15
100 ## $a20160429d2015 m y0pory01030103ba
101 1# $aeng$apor
102 ## $aPT
105 ## $ay z 000by
106 ## $ar
200 1# $aYour best guess$fChris Thorpe$gtrad. Francisco Frazão
210 #9 $a[S.l.]$cMala voadora,$d2015$e[São Mamede de Infesta] :$gGreca - Artes Gráficas)
215 ## $a127 p.$d22 cm
675 ## $a821.111-2"20"$vBN$zpor$31367160
700 #1 $aThorpe,$bChris$31644047
702 #1 $aFrazão,$bFrancisco$4730$31047722
801 #0 $aPT$bBN$gRPC
856 41 $uhttp://rnod.bnportugal.gov.pt/ImagesBN/winlibimg.aspx?skey=&doc=1929627&img=76070&save=true
900 ## $aBIBNAC$d20160510
966 ## $lBN$mFGMON$sL. 134864 V.$x1
966 ## $lBN$mFGMON$sL. 134864 V.-D$x1

Etiqueta de registo: 00254nam 2200025 450
001 2284652
003 http://id.bnportugal.gov.pt/bib/catbnp/2284652
010 ## $a978-989-54527-4-3
021 ## $aPT$b560456/25
100 ## $a20260417d2026 m y0pory01030103ba
101 0# $apor$aeng
102 ## $aPT
105 ## $aa b 000by
106 ## $ar
200 1# $aEmpregos modernos$etrajetória de uma criação teatral$fChris Thorpe, Joana Marques, José Soeiro$gtrad. Joana Frazão$gfot. Joana Linda, Carlos Fernandes
210 #9 $a[S.l.]$cTeatro Meia Volta e Depois à Esquerda Quando Eu Disser,$d2026
215 ## $a63, [1] p.$cil.$d25 cm
305 ## $aEd. bilingue em português e inglês
675 ## $a792.8(469.411)"2026"$vBN$zpor$31998665
675 ## $a792.026$vBN$zpor$3429185
675 ## $a316.334(042)$vBN$zpor$31052267
700 #1 $aThorpe,$bChris$31644047
701 #1 $aMarques,$bJoana$4070$31426350
701 #1 $aSoeiro,$bJosé,$f1984-$4070$31466611
702 #1 $aFrazão,$bJoana$4730$31176589
702 #1 $aLinda,$bJoana$4600$31823439
702 #1 $93$aFernandes,$bCarlos$4600$3283817
801 #0 $aPT$bBN$gRPC
856 41 $uhttp://rnod.bnportugal.gov.pt/ImagesBN/winlibimg.aspx?skey=&doc=2284652&img=222453&save=true
900 ## $aBIBNAC$d20260525
966 ## $lBN$mFGMON$sB.A. 53797 V.$x1
966 ## $lBN$mFGMON$sB.A. 53797 V.-D$x1
971 ## $cabrito$d20260417
972 ## $e0$z0$d20260525$vasantos
973 ## $csteixeira$d20260518

OpendataBNP@bnportugal.pt | Mais informação sobre acesso aos dados BNP